| 000 | 01342cam a22003977a 4500 | ||
|---|---|---|---|
| 003 | CHAP | ||
| 005 | 20220817041216.0 | ||
| 008 | 971013s1993 r 00010 d | ||
| 010 | _a8706 | ||
| 011 | _a9678 | ||
| 035 | _a8913 | ||
| 040 | _cCHAP | ||
| 090 | _aFolleto 14093 | ||
| 100 | 0 | 0 |
_aGallardo, Sofía _ecomp. _944378 |
| 245 | 1 | 0 |
_aPor un comercio justo _c/comp. por Sofía Gallardo |
| 260 |
_aMéxico, D.F. : _bFundación Friedrich Ebert, _c1993. |
||
| 300 | _a59 p. | ||
| 410 | 2 | _aFundación Friedrich Ebert | |
| 490 | 0 |
_aCuadernos para una sociedad sustentable _v; 3 |
|
| 590 |
_aBATCH-UPD _b10 _c20130110 _lUCH01 _h1333 |
||
| 590 |
_aBATCH-UPD _b10 _c20130410 _lUCH01 _h0837 |
||
| 590 |
_aBATCH-UPD _b10 _c20130914 _lUCH01 _h1015 |
||
| 590 |
_aCONVERSION _b10 _c20130109 _lUCH01 _h1306 |
||
| 650 | 1 | 4 |
_aComercio internacional. _925641 |
| 650 | 1 | 4 |
_aMedio ambiente _xProtección. _974106 |
| 650 | 1 | 4 | _aTratado Trilateral de Libre Comercio. |
| 790 | _aAgenda 21 | ||
| 790 | _aCumbre de la tierra | ||
| 790 | _aOrganizaciones No Gubernamentales | ||
| 810 | 0 | 0 |
_aFundación Friedrich Ebert _943983 |
| 830 | 0 |
_aCuadernos para una sociedad sustentable _v; 3 _929876 |
|
| 901 | _aBK | ||
| 942 | _cFOLL | ||
| 949 |
_aFolleto 14093 _bBC _cFOLL _d89131 _eTS1 _i8913 _mD _si |
||
| 949 |
_aFolleto 14093 _bBC _cFOLL _d89132 _eTS2 _fc.2 _i8913 _mD _sb |
||
| 999 |
_c8706 _d8706 |
||